Spotřebitelská politika v ČSFR.

Návrh zásad zákona o ochrane spotrebiteľa po stránke vecného obsahu rieši oblasť nákupu tovaru a poskytovania nadväzujúcich služieb, základné prvky zasahovania štátu v ochrane spotrebiteľa, včítane dozoru, ako aj tvorbu nevyhnutných finančných zdrojov k rozvoju funkcie systému. Formulujú sa príslušn...

Ausführliche Beschreibung

Gespeichert in:
Bibliographische Detailangaben
1. Verfasser: Straka, V.
Format: Buchkapitel
Sprache:Tschechisch
Schlagworte:
Tags: Tag hinzufügen
Keine Tags, Fügen Sie das erste Tag hinzu!

MARC

LEADER 00000naa a2200000 4500
001 r008188
005 20220831084348.1
041 0 |a cze 
044 |a [CS] 
245 1 0 |a Spotřebitelská politika v ČSFR.  |c V. Straka 
520 |a Návrh zásad zákona o ochrane spotrebiteľa po stránke vecného obsahu rieši oblasť nákupu tovaru a poskytovania nadväzujúcich služieb, základné prvky zasahovania štátu v ochrane spotrebiteľa, včítane dozoru, ako aj tvorbu nevyhnutných finančných zdrojov k rozvoju funkcie systému. Formulujú sa príslušné práva spotrebiteľa a povinnosti podnikateľov. 
610 2 0 |a ochrana spotrebiteľa 
610 2 0 |a ČSFR 
610 2 0 |a predpisy právne 
610 2 0 |a nákup 
610 2 0 |a tovar 
610 2 0 |a služby obchodno-technické 
610 2 0 |a zdroje finančné 
610 2 0 |a podnikatelia 
610 2 0 |a politika hospodárska 
100 1 |a Straka, V.